[Event "HUN-chT2 Toth 1213"]
[Site "Hungary"]
[Date "2013.04.21"]
[Round "11.10"]
[White "Hos, Daniel Dominik"]
[Black "Torok, Mate"]
[Result "1-0"]
[WhiteElo "1568"]
[BlackElo "1421"]
[PlyCount "107"]
[EventDate "2012.09.16"]
[EventType "team-tourn"]
[EventRounds "11"]
[EventCountry "HUN"]
[SourceTitle "EXT 2014"]
[Source "ChessBase"]
[SourceDate "2013.11.20"]
[SourceVersion "1"]
[SourceVersionDate "2013.11.20"]
[SourceQuality "1"]
[WhiteTeam "Roszke II"]
[BlackTeam "Maroczy II"]
[WhiteTeamCountry "HUN"]
[BlackTeamCountry "HUN"]

1. Nf3 d6 2. g3 c5 3. Bg2 Nf6 4. 0-0 g6 5. d3 Bg7 6. e4 Nc6 7. Nbd2 0-0 8. Nh4 Rb8 9. f4 Nd4 10. h3 Nh5 11. Kh2 Bf6 12. Nhf3 Nxf3+ 13. Nxf3 Bg7 14. g4 Nf6 15. c3 a5 16. Be3 b6 17. Qd2 Qc7 18. Kh1 h5 19. g5 Nd7 20. Nh4 Ba6 21. Rf2 b5 22. Raf1 b4 23. c4 a4 24. f5 Ne5 25. Bf4 Kh7 26. Bxe5 dxe5 27. Qe3 Qd6 28. Bf3 Qd4 29. Qe2 Rbd8 30. Rd1 Rd6 31. Bxh5 gxh5 32. Nf3 Qxf2 33. Qxf2 Bxc4 34. Qc2 Bxa2 35. Qxc5 Bb3 36. Rd2 Rfd8 37. Ne1 f6 38. g6+ Kg8 39. Kg1 Bh6 40. Rg2 Kg7 41. Kf1 R8d7 42. Kg1 Rd4 43. Kf1 Bf4 44. h4 Bh6 45. Ke2 Bf4 46. Rg1 Bh6 47. Rg3 Bf4 48. Rh3 Bh6 49. Nc2 Bxc2 50. Qxc2 b3 51. Qc6 Bf4 52. Qe6 Rxe4+ 53. dxe4 Rd2+ 54. Ke1 1-0